[Event "ch-NOR"]
[Site "Fredrikstad NOR"]
[Date "2010.07.05"]
[Round "4"]
[White "Djurhuus,R"]
[Black "Urkedal,F"]
[Result "0-1"]
[WhiteElo "2442"]
[BlackElo "2414"]

1.Nf3 Nf6 2.d4 e6 3.c4 b6 4.a3 Ba6 5.Qc2 Bb7 6.Nc3 c5 7.e4 cxd4 8.Nxd4 Bc5
9.Nb3 Nc6 10.Bd3 Qb8 11.f4 d6 12.Qe2 O-O 13.g4 d5 14.e5 dxc4 15.Bxc4 Nd4
16.Nxd4 Bxh1 17.Nxe6 fxe6 18.exf6 Rxf6 19.Bd2 Qb7 20.g5 Rff8 21.O-O-O Rae8
22.Bxe6+ Kh8 23.Qc4 Bf3 24.Re1 Rd8 25.f5 Rd4 26.Qb3 Qb8 27.Nb1 Bg4 28.Bc3 Qf4+
29.Nd2 Qxg5 30.Bxd4 Bxd4 31.Qb4 Bc5 32.Qc3 Bxf5 33.Bxf5 Qxf5 34.Ne4 Bf2 35.Re2 Rc8
36.Rxf2 Rxc3+ 37.bxc3 Qc8 38.Kb2 h6 39.Ng3 Qc5 40.Rf7 Qb5+ 41.Kc2 a5 42.Rf4 Qc5
43.a4 Kh7 44.Rd4 Qe5 45.Re4 Qd5 46.h4 h5 47.c4 Qc6 48.Kc3 Qxa4 49.Nxh5 Qb4+
50.Kc2 a4  0-1

[Event "IsBank TCh-TUR"]
[Site "Konya TUR"]
[Date "2010.07.05"]
[Round "8"]
[White "Aydogdu,A"]
[Black "Bolat,A"]
[Result "1/2-1/2"]
[WhiteElo "2083"]
[BlackElo "2016"]

1.d4 Nf6 2.Nf3 e6 3.c4 b6 4.a3 Bb7 5.Nc3 Be7 6.d5 exd5 7.cxd5 O-O 8.g3 Re8
9.Bg2 c6 10.d6 Bf8 11.Ng5 h6 12.Nge4 Nxe4 13.Nxe4 f5 14.Nc3 Qf6 15.Nb5 Na6
16.O-O Re6 17.Qc2 Rae8 18.Be3 Bxd6 19.Qd2 Bb8 20.Qc2 Bd6 21.Qd2 Bb8 22.Qc2 Bd6  1/2-1/2

[Event "IsBank TCh-TUR"]
[Site "Konya TUR"]
[Date "2010.07.06"]
[Round "10"]
[White "Deruni,B"]
[Black "Bolat,A"]
[Result "1-0"]
[WhiteElo "2107"]
[BlackElo "2016"]

1.d4 Nf6 2.Nf3 e6 3.c4 b6 4.a3 Bb7 5.Nc3 d5 6.cxd5 Nxd5 7.Qc2 Nd7 8.e4 Nxc3
9.bxc3 c5 10.Bd3 Qc7 11.Qb1 Be7 12.O-O O-O 13.Qa2 Rac8 14.Qe2 e5 15.dxe5 c4
16.Bc2 Nxe5 17.Nd4 Nd3 18.Bxd3 cxd3 19.Qxd3 Qxc3 20.Qxc3 Rxc3 21.Nf5 Rc7
22.Bf4 Bxe4 23.Nxe7+ Rxe7 24.Bd6 Rd7 25.Bxf8 Kxf8 26.Rfe1 Bf5 27.Rad1 Rxd1
28.Rxd1 Ke7 29.f3 Be6 30.Kf2 b5 31.Ke3 a5 32.Rb1 b4 33.axb4 axb4 34.Rxb4 g6
35.h4 Kf6 36.Kf4 Ba2 37.h5 Be6 38.Rb5 Bf5 39.g4 g5+ 40.Kg3 Be6 41.f4 h6 42.f5 Bc4
43.Rb6+ Kg7 44.Kf2 Bd5 45.Ke3 Bc4 46.Rd6 Bb5 47.Rd4 Bc6 48.Rb4 Ba8 49.Kd4 Bf3
50.Ke5 Be2 51.f6+ Kh7 52.Kd6 Bf3 53.Ke7  1-0

[Event "IsBank TCh-TUR"]
[Site "Konya TUR"]
[Date "2010.07.07"]
[Round "12"]
[White "Deruni,B"]
[Black "Aydogdu,E"]
[Result "1-0"]
[WhiteElo "2107"]
[BlackElo "1999"]

1.d4 Nf6 2.Nf3 e6 3.c4 b6 4.a3 Ba6 5.Qc2 Bb7 6.Nc3 c5 7.e4 cxd4 8.Nxd4 Bc5
9.Nb3 Nc6 10.Bg5 h6 11.Bh4 Nd4 12.Nxd4 Bxd4 13.Bd3 Qb8 14.Bg3 Be5 15.O-O-O O-O
16.Kb1 Rc8 17.Qe2 d6 18.Bxe5 dxe5 19.g4 g6 20.h4 Nd7 21.Qe3 Kg7 22.Be2 Nf8
23.g5 h5 24.Qf3 Ba6 25.b3 Qc7 26.Rd2 Qe7 27.Kb2 Rd8 28.Rhd1 Kg8 29.Qe3 Qc7
30.Rd3 Rxd3 31.Qxd3 Qc5 32.Qf3 Qe7 33.Qd3 Qc5 34.Qe3 Qc7 35.a4 Rc8 36.Nb5 Bxb5
37.axb5 Qe7 38.Qd2 Qc5 39.Bf1 Rc7 40.b4 Qe7 41.Qd6 Nd7 42.Qd2 Nf8 43.Qd6 Nd7  1-0

[Event "ch-Paris Int"]
[Site "Paris FRA"]
[Date "2010.07.07"]
[Round "5"]
[White "Zoler,D"]
[Black "Gharamian,T"]
[Result "0-1"]
[WhiteElo "2474"]
[BlackElo "2650"]

1.d4 e6 2.c4 Nf6 3.Nf3 b6 4.a3 Ba6 5.Qc2 Bb7 6.Nc3 c5 7.e4 cxd4 8.Nxd4 Bc5
9.Nb3 Nc6 10.Bd3 O-O 11.O-O Be7 12.Bf4 d6 13.Rad1 Ne5 14.Be2 Qc7 15.Nd2 a6
16.Bg3 Rac8 17.Qb1 Qb8 18.Rfe1 Rfe8 19.Rc1 Ng6 20.b4 h5 21.h3 h4 22.Bh2 Nd7
23.f4 e5 24.Bg4 Rc7 25.Nd5 Bxd5 26.Bxd7 Bxe4 27.Nxe4 Rxd7 28.f5 Nf8 29.Red1 Rc8
30.Rd5 b5 31.cxb5 axb5 32.Rxc8 Qxc8 33.Kh1 Rc7 34.Qf1 Rc1 35.Rd1 Rxd1 36.Qxd1 Qxf5
37.Nxd6 Bxd6 38.Qxd6 Qf1+ 39.Bg1 Ng6 40.Qa6 Kh7 41.Qa8 f5 42.Kh2 Nf4 43.Be3 e4
44.Bxf4 Qxf4+ 45.Kg1 Qc1+ 46.Kh2 Qf4+ 47.Kg1 Qc1+ 48.Kh2 Qc7+ 49.Kg1 Qd7
50.Qb8 Qd4+ 51.Kh2 Qd3 52.Qe8 Kh6 53.Qh8+ Kg6 54.Qe8+ Kf6 55.Qf8+ Kg6 56.Qe8+ Kg5
57.Qe7+ Kf4 58.Qxh4+ Ke3 59.Qg5+ f4 60.Qxg7 Kd2 61.Qb2+ Kd1 62.Qa1+ Kc2 63.a4 e3
64.Qa2+ Kc3 65.Qa3+ Kc4 66.Qc1+ Kb3 67.axb5 e2  0-1

[Event "5th Nana Aleksandria Cup"]
[Site "Poti GEO"]
[Date "2010.07.12"]
[Round "2"]
[White "Nigalidze,G"]
[Black "Ali,L"]
[Result "1-0"]
[WhiteElo "2478"]
[BlackElo "2308"]

1.d4 Nf6 2.c4 e6 3.Nf3 b6 4.a3 Bb7 5.Nc3 g6 6.d5 Bg7 7.e4 d6 8.Bd3 O-O 9.O-O c5
10.Re1 e5 11.Bf1 Nbd7 12.b4 Qe7 13.Nd2 Ne8 14.Nb3 f5 15.bxc5 dxc5 16.a4 Nd6
17.a5 Ba6 18.Ra4 Nf6 19.exf5 gxf5 20.Bg5 h6 21.Bh4 e4 22.Qd2 Qd7 23.axb6 axb6
24.Rea1 Bb7 25.Rxa8 Rxa8 26.Rxa8+ Bxa8 27.Qa2 Bb7 28.Qa4 Qxa4 29.Nxa4 Nd7
30.Bd8 Nc8 31.g3 Bf6 32.Bxf6 Nxf6 33.Bh3 Ng4 34.Bxg4 fxg4 35.Nd2 Ba6 36.Nxe4 Bxc4
37.d6 Be6 38.d7 Bxd7 39.Nf6+ Kf7 40.Nxd7 c4 41.Naxb6 Nxb6 42.Nxb6 c3 43.Na4 c2
44.Nc3 c1=Q+  1-0

[Event "7th South Wales Int"]
[Site "Treforest WLS"]
[Date "2010.07.13"]
[Round "5"]
[White "Jaunooby,A"]
[Black "Arkell,K"]
[Result "0-1"]
[WhiteElo "2155"]
[BlackElo "2465"]

1.d4 Nf6 2.Nf3 e6 3.c4 b6 4.a3 Ba6 5.Qc2 b5 6.e4 bxc4 7.Bg5 Be7 8.Bxf6 Bxf6
9.Bxc4 Bxc4 10.Qxc4 c6 11.e5 Be7 12.Nc3 a5 13.O-O Na6 14.Nd2 Nc7 15.Nde4 O-O
16.Nc5 Nd5 17.Nxd5 cxd5 18.Qa4 Bxc5 19.dxc5 Qc7 20.Qd4 a4 21.f4 Ra5 22.Rfc1 Rc8
23.Rc3 Rxc5 24.Rac1 Rc4 25.Rxc4 dxc4 26.Rd1 h5 27.Qxd7 Qxd7 28.Rxd7 c3 29.bxc3 Rxc3
30.Ra7 Rxa3 31.Kf2 h4 32.g4 Ra2+ 33.Kf3 a3 34.h3 Rh2 35.g5 a2 36.Kg4 g6 37.Ra8+ Kg7
38.Kf3 Kh7 39.Kg4 Rf2 40.Ra7 Kg8 41.Kxh4 Rg2 42.f5 gxf5 43.g6 f4 44.Ra3 f3
45.gxf7+ Kf8  0-1

[Event "2nd Open"]
[Site "Rethymno GRE"]
[Date "2010.07.14"]
[Round "3"]
[White "Khotenashvili,B"]
[Black "Werle,J"]
[Result "1/2-1/2"]
[WhiteElo "2423"]
[BlackElo "2585"]

1.d4 Nf6 2.c4 e6 3.Nf3 b6 4.a3 Ba6 5.Qb3 c5 6.d5 exd5 7.cxd5 g6 8.Bf4 d6
9.Nc3 Bg7 10.Qa4+ b5 11.Nxb5 O-O 12.Nc3 Qb6 13.Qc2 Nbd7 14.e4 Rfe8 15.Nd2 Nxe4
16.Ncxe4 f5 17.Bc4 Nf6 18.O-O Nxe4 19.Rfe1 Nxd2 20.Bxa6 Nf3+ 21.gxf3 Qxa6
22.Qd2 Bd4 23.Rxe8+ Rxe8 24.Re1 Qc8  1/2-1/2

[Event "2nd Open"]
[Site "Rethymno GRE"]
[Date "2010.07.15"]
[Round "4"]
[White "Werle,J"]
[Black "Prasanna,Ra"]
[Result "1-0"]
[WhiteElo "2585"]
[BlackElo "2373"]

1.d4 Nf6 2.c4 e6 3.Nf3 b6 4.a3 Ba6 5.Qc2 Be7 6.e4 d5 7.cxd5 Bxf1 8.Kxf1 exd5
9.e5 Ne4 10.Nbd2 f5 11.exf6 Nxf6 12.b4 O-O 13.Bb2 a5 14.bxa5 Rxa5 15.h4 Qd7
16.Rh3 Qa4 17.Qd3 Qb5 18.Qxb5 Rxb5 19.Bc3 c5 20.a4 cxd4 21.Nxd4 Rc5 22.Ne6 Rfc8
23.Nxc5 bxc5 24.a5 Na6 25.Bb2 c4 26.Bd4 Bb4 27.Ke2 Nc7 28.Ra4 Na6 29.Re3 Kf7
30.Nf3 Bc5 31.Ng5+ Kg6 32.Ne6 Bd6 33.f3 h6 34.g4 Nd7 35.Nxg7 Ndc5 36.Nf5 Bf8
37.Ra2 Nb4 38.Rb2 Ncd3 39.Rxb4 Nxb4 40.Ne7+ Bxe7 41.Rxe7 Rg8 42.f4  1-0

[Event "2nd Open"]
[Site "Rethymno GRE"]
[Date "2010.07.16"]
[Round "5"]
[White "Khotenashvili,B"]
[Black "Makka,I"]
[Result "1-0"]
[WhiteElo "2423"]
[BlackElo "2175"]

1.d4 Nf6 2.c4 e6 3.Nf3 b6 4.a3 Bb7 5.Nc3 g6 6.d5 exd5 7.cxd5 Bg7 8.g3 O-O
9.Bg2 Re8 10.Nd4 c5 11.dxc6 dxc6 12.O-O Qe7 13.Qa4 c5 14.Bxb7 Qxb7 15.Ndb5 Qc6
16.Rd1 a6 17.Nd6 b5 18.Qf4 Re6 19.a4 b4 20.Nce4 h6 21.Qf3 Ra7 22.Nxf6+ Bxf6
23.Nc4 Qxf3 24.exf3 Kh7 25.Be3 Be7 26.Rd5 Rc7 27.Rad1 h5 28.b3 Kg7 29.h4 Kf8
30.Bf4 Rc8 31.Nd6 Rd8 32.Nb7 Rxd5 33.Rxd5 Nc6 34.Nxc5 Re1+ 35.Kg2 a5 36.Nd7+ Kg7
37.Ne5 Nxe5 38.Rxe5 Rxe5 39.Bxe5+ Kf8 40.Bc7 Ke8 41.Bxa5 Bc5 42.Bc7 Kd7 43.Bf4 Bd6
44.Be3 Be5 45.Kf1 Kc6 46.Ke2 Kd5 47.Kd3 Bc7 48.Bd2 Bb6 49.Bxb4 Bxf2 50.a5 Bxg3
51.Be7 Bf2 52.b4 Kc6 53.Kc4 Kc7 54.b5 Kb7 55.a6+ Kb6 56.Bd8+ Ka7 57.Kd5 Bg3
58.Kc6 Bf2 59.Be7 Bb6 60.Bc5 Bxc5 61.Kxc5 g5 62.Kc6  1-0

[Event "4th LCT"]
[Site "Leiden NED"]
[Date "2010.07.17"]
[Round "8"]
[White "Kaufman,R"]
[Black "Lalith,B"]
[Result "1-0"]
[WhiteElo "2333"]
[BlackElo "2502"]

1.d4 Nf6 2.c4 e6 3.Nf3 b6 4.a3 Bb7 5.Nc3 d5 6.cxd5 Nxd5 7.e3 g6 8.Bb5+ c6
9.Bd3 Bg7 10.O-O O-O 11.Na4 Nd7 12.e4 Ne7 13.Bg5 h6 14.Be3 Kh7 15.h4 f5 16.h5 f4
17.hxg6+ Nxg6 18.e5 fxe3 19.fxe3 Bh8 20.Qc2 Rg8 21.g3 Nf8 22.Nh4 Qg5 23.Kh2 h5
24.Rf7+ Rg7 25.Raf1 Kh6 26.R7f6 Rg8 27.Nc3 c5 28.Be4 Ba6 29.Nxg6 Bxf1 30.Nxh8+ Kg7
31.Bxa8 Kxh8 32.Ne4 Qxe3 33.Rxf1 Nh7 34.Bc6 cxd4 35.Qf2  1-0

[Event "2nd Open"]
[Site "Rethymno GRE"]
[Date "2010.07.17"]
[Round "6"]
[White "Sulashvili,M"]
[Black "Kryvoruchko,Y"]
[Result "1/2-1/2"]
[WhiteElo "2498"]
[BlackElo "2609"]

1.d4 Nf6 2.Nf3 e6 3.c4 b6 4.a3 Bb7 5.Nc3 d5 6.cxd5 Nxd5 7.e3 g6 8.Bb5+ c6
9.Bd3 Bg7 10.O-O Nxc3 11.bxc3 O-O 12.a4 c5 13.a5 Qc7 14.Qe2 bxa5 15.Qa2 cxd4
16.cxd4 Nc6 17.Bb5 a6 18.Bxc6 Bxc6 19.Qxa5 Qxa5 20.Rxa5 Bb5 21.Rd1 Rfc8 22.Ba3 Rc2
23.Bc5 Rc8 24.Ne1 Re2 25.h3 e5 26.Nd3 exd4 27.exd4 Re4 28.Ne1 Bf8 29.Nd3 Rd8
30.Bxf8 Rexd4 31.Bc5 Rxd3 32.Rxd3 Rxd3 33.Ra3 Rd5 34.Bb4 Rd4 35.Bc5 Rc4 36.Bd6 f6
37.Re3 Rc1+ 38.Kh2 Rc6 39.Re8+ Kg7 40.Re7+ Kg8 41.Re8+  1/2-1/2

[Event "Corporation Centre Cup"]
[Site "Izhevsk RUS"]
[Date "2010.07.18"]
[Round "4"]
[White "Poniaev,R"]
[Black "Voitsekhovsky,S"]
[Result "1/2-1/2"]
[WhiteElo "2277"]
[BlackElo "2524"]

1.d4 Nf6 2.Nf3 e6 3.c4 b6 4.a3 Bb7 5.Nc3 d5 6.cxd5 exd5 7.g3 Be7 8.Qa4+ c6
9.Ne5 O-O 10.Bg2 a5 11.O-O b5 12.Qc2 Na6 13.Rd1 Qb6 14.e4 Nc7 15.exd5 cxd5
16.Bg5 Rfd8 17.Rac1 Ne6 18.Be3 a4 19.Qe2 Ba6 20.Qf3 b4 21.Nxa4 Qb5 22.Nc6 Re8
23.Nxe7+ Rxe7 24.Nc5 Nxc5 25.Rxc5 Qa4 26.Rdc1 bxa3 27.bxa3 Qxa3 28.Bg5 Qb4
29.Qc3 Qxc3 30.R5xc3 Rae8 31.h3 Re1+ 32.Rxe1 Rxe1+ 33.Kh2 Bc4  1/2-1/2

[Event "2nd Open"]
[Site "Rethymno GRE"]
[Date "2010.07.18"]
[Round "7"]
[White "Khotenashvili,B"]
[Black "Maiorov,N1"]
[Result "1-0"]
[WhiteElo "2423"]
[BlackElo "2532"]

1.d4 Nf6 2.c4 e6 3.Nf3 b6 4.a3 Bb7 5.Nc3 d5 6.cxd5 exd5 7.Bf4 Bd6 8.Bxd6 Qxd6
9.e3 O-O 10.Rc1 c5 11.Bd3 c4 12.Bb1 Nbd7 13.O-O a6 14.Nd2 b5 15.Re1 Bc6 16.Nf1 a5
17.e4 dxe4 18.Nxe4 Bxe4 19.Bxe4 Nxe4 20.Rxe4 Rad8 21.Ne3 g6 22.Qf3 Nb6 23.h4 Rfe8
24.Rf4 f5 25.g4 fxg4 26.Nxg4 Rf8 27.Nf6+ Kh8 28.Re1 Nd7 29.Nd5 Rxf4 30.Nxf4 Rf8
31.Re4 Nf6 32.Ne6 Nxe4 33.Qxe4 Re8 34.d5 Kg8 35.h5 Qe7 36.hxg6 Qf6 37.gxh7+ Kh8
38.Qg4 Qe7 39.Qh5 b4 40.axb4 axb4 41.Nf4 Qe1+ 42.Kg2 Qe4+ 43.Kg3 c3 44.Qf7 c2
45.Ng6+ Qxg6+ 46.Qxg6 c1=Q 47.Qxe8+ Kxh7 48.Qf7+ Kh8 49.Qf6+ Kg8 50.d6 Qg1+
51.Kf3 Qh1+ 52.Ke3 Qe1+ 53.Kd4 Qc1 54.Kd5 Qd2+ 55.Qd4 Qg5+ 56.Kc6 Kf8 57.Qh8+ Kf7
58.Qh7+ Kf8 59.Qe7+  1-0

[Event "2nd Open"]
[Site "Rethymno GRE"]
[Date "2010.07.18"]
[Round "7"]
[White "Vrublevskaya,O"]
[Black "D'Costa,L"]
[Result "0-1"]
[WhiteElo "2102"]
[BlackElo "2456"]

1.d4 Nf6 2.c4 e6 3.Nf3 b6 4.a3 Bb7 5.Bf4 d6 6.Nc3 g6 7.e3 Bg7 8.Be2 O-O 9.O-O Nbd7
10.Qc2 h6 11.h3 Qe7 12.Bh2 a6 13.Rad1 Nh7 14.b4 f5 15.c5 Ndf6 16.cxd6 cxd6
17.Nd2 Rad8 18.Nc4 Ng5 19.f3 b5 20.Na5 Ba8 21.a4 bxa4 22.Bxa6 e5 23.d5 Qa7
24.Qe2 Rb8 25.b5 Qc5 26.Qd2 f4 27.Rfe1 e4 28.h4 exf3 29.hxg5 Ng4 30.Ne4 fxe3
31.Nxc5 f2+ 32.Qxf2 exf2+ 33.Kh1 fxe1=Q+ 34.Rxe1 dxc5 35.Bxb8 Rxb8 36.gxh6 Bc3
37.Nc6 Bxe1 38.Nxb8 a3 39.d6 a2 40.d7 Bh4  0-1

[Event "Open"]
[Site "Antakya TUR"]
[Date "2010.07.19"]
[Round "7"]
[White "Esen,B"]
[Black "Quparadze,G"]
[Result "1-0"]
[WhiteElo "2418"]
[BlackElo "2345"]

1.d4 Nf6 2.c4 e6 3.Nf3 b6 4.a3 Bb7 5.Nc3 d5 6.cxd5 Nxd5 7.Bd2 Be7 8.Qc2 O-O
9.e4 Nxc3 10.Bxc3 c5 11.dxc5 Bxc5 12.Rd1 Qc8 13.b4 Be7 14.Qb2 f6 15.Bd3 Rd8
16.O-O Nd7 17.Qb3 Nf8 18.Nd4 Kh8 19.Rfe1 Bd6 20.g3 Be5 21.Bf1 Bxd4 22.Rxd4 Rxd4
23.Bxd4 Qd7 24.Bb2 Rd8 25.f3 e5 26.Bc4 Bc6 27.b5 Bb7 28.Bc1 Bc8 29.Be3 Ne6
30.Bd5 Nc7 31.Bc6 Qd3 32.Qa4 Bh3 33.Kf2 h5 34.Rc1 Ne6 35.Bd5 Nd4 36.Bc4 Nb3
37.Bxd3 Nxc1 38.Bc4 Nd3+ 39.Bxd3 Rxd3 40.Qxa7  1-0

[Event "Open A"]
[Site "Oberwart AUT"]
[Date "2010.07.19"]
[Round "7"]
[White "Binder,Mi"]
[Black "Csonka,A1"]
[Result "1/2-1/2"]
[WhiteElo "2270"]
[BlackElo "2381"]

1.d4 Nf6 2.Nf3 e6 3.c4 b6 4.a3 Ba6 5.e3 Be7 6.Be2 O-O 7.Nc3 d5 8.cxd5 Bxe2
9.Qxe2 exd5 10.b4 Bd6 11.O-O Qe7 12.Bb2 Nbd7 13.b5 Qe6 14.a4 Ne4 15.Nxe4 dxe4
16.Nd2 Nf6 17.Ba3 Nd5 18.Rfc1 Rad8 19.Rc6 Ne7 20.Rc4 f5 21.g3 Kh8 22.Qd1 Nd5
23.Rc6 Ne7 24.Rc4 Nd5 25.Rc6 Ne7  1/2-1/2

[Event "3rd Open"]
[Site "Paleochora GRE"]
[Date "2010.07.24"]
[Round "4"]
[White "Sulashvili,M"]
[Black "Zubarev,Al1"]
[Result "1/2-1/2"]
[WhiteElo "2498"]
[BlackElo "2562"]

1.d4 Nf6 2.Nf3 e6 3.c4 b6 4.a3 Bb7 5.Nc3 d5 6.cxd5 Nxd5 7.e3 g6 8.Bb5+ c6
9.Bd3 Bg7 10.O-O O-O 11.Na4 Nc7 12.Qc2 Nd7 13.Rd1 Rc8 14.e4 e5 15.dxe5 Re8
16.Bf4 Ne6 17.Bg3 b5 18.Qb3 bxa4 19.Qxb7 Ndc5 20.Qb4 Rb8 21.Qc4 Rxb2 22.Bc2 Qb8
23.Bxa4 Nxa4 24.Qxa4 c5 25.h4 Rc8 26.Qc4 Qb3 27.Nd2 Qb7 28.Qd5 Rd8 29.Qxb7 Rxb7
30.Nc4 Rd4 31.Rxd4 Nxd4 32.f3 Rb3 33.Ra2 Re3 34.Nd6 c4 35.Rb2 Rb3 36.Nxc4 Rxb2
37.Nxb2 Ne2+ 38.Kf2 Nxg3 39.Nd3 Nh1+ 40.Kg1 Ng3 41.Kf2 Nh1+ 42.Kg1 Bf8 43.Kxh1 Bxa3
44.Kg1 a5 45.Kf2 a4 46.Ke2 Be7 47.Kd2 Bxh4  1/2-1/2

[Event "Tch-POR 1st Div Final"]
[Site "Vila Nova de Gaia POR"]
[Date "2010.07.24"]
[Round "1.2"]
[White "Fernando,D"]
[Black "Andrade,Jo"]
[Result "1/2-1/2"]
[WhiteElo "2484"]
[BlackElo "2268"]

1.Nf3 Nf6 2.c4 e6 3.d4 b6 4.a3 Be7 5.Nc3 Bb7 6.d5 exd5 7.cxd5 O-O 8.e4 Re8
9.Bd3 c5 10.O-O d6 11.h3 Nfd7 12.Bf4 a6 13.Rc1 Nf8 14.Bb1 Nbd7 15.Bh2 b5
16.b4 Rc8 17.Qb3 Qb6 18.Rfd1 Bf6 19.Bf4 Ng6 20.Be3 Nge5 21.Nd2 Qd8 22.f4 Ng6
23.Nf3 cxb4 24.axb4 Nb6 25.Ne2 Nc4 26.Bf2 Nh4 27.Nfd4 Kh8 28.g3 Ng6 29.h4 Qd7
30.h5 Ne7 31.Qf3 Qh3 32.g4 Qxf3 33.Nxf3 Nxd5 34.exd5 Rxe2 35.Bf5 Rce8 36.Bd3 Ra2
37.g5 Bb2 38.Re1 Rc8 39.Bxc4 bxc4 40.Rxc4 Ra1 41.Rxc8+ Bxc8 42.Rxa1 Bxa1
43.Bd4 Bg4 44.h6 Bxf3 45.hxg7+ Kg8 46.Bxa1 f5 47.gxf6 Bxd5 48.Kf2 Kf7 49.Bd4 Be4
50.Kg3 Bf5 51.Kh4 Be6 52.Kg5 Bc4 53.Bb6 Bd3 54.Bc7 d5 55.Be5 Bc2 56.Bd4 Bd3
57.f5 Bc2 58.Kf4 Ba4 59.Ke5 Bd7 60.Be3 Bc8 61.Bh6 d4 62.Kxd4 Bxf5 63.Kd5 Bc2
64.Kd6 Bb3 65.Bf4 Bc4 66.Ke5 Bb3  1/2-1/2

[Event "ch-AUT"]
[Site "Vienna AUT"]
[Date "2010.07.25"]
[Round "2"]
[White "Pichler,Mi"]
[Black "Matt,F"]
[Result "1/2-1/2"]
[WhiteElo "2256"]
[BlackElo "2053"]

1.d4 Nf6 2.c4 e6 3.Nf3 b6 4.a3 Bb7 5.Nc3 Be7 6.Bg5 d5 7.e3 Nbd7 8.Rc1 O-O
9.cxd5 exd5 10.Be2 h6 11.Bh4 c6 12.O-O Re8 13.Qc2 Bd6 14.Rfe1 Rc8 15.Bf1 Qc7
16.Bg3 Bxg3 17.hxg3 Qd6 18.Bd3 Re7 19.Nh4 Qb8 20.Nf5 Re6 21.Nh4 c5 22.Bf5 Re7
23.Nf3 g6 24.Bxd7 Nxd7 25.dxc5 bxc5 26.Red1 Nf6 27.b4 d4 28.exd4 cxb4 29.axb4 Bxf3
30.gxf3 Qxb4 31.Nd5  1/2-1/2

[Event "3rd Open"]
[Site "Paleochora GRE"]
[Date "2010.07.26"]
[Round "6"]
[White "Vorobiov,E"]
[Black "Filip,L"]
[Result "1/2-1/2"]
[WhiteElo "2592"]
[BlackElo "2470"]

1.d4 Nf6 2.c4 e6 3.Nf3 b6 4.a3 Bb7 5.Nc3 d5 6.cxd5 Nxd5 7.e3 c5 8.Bb5+ Bc6
9.Qa4 Qd7 10.Bxc6 Qxc6 11.Qxc6+ Nxc6 12.Nxd5 exd5 13.dxc5 bxc5 14.Bd2 a5
15.Bc3 Rd8 16.O-O-O f6 17.Rd2 Kf7 18.Rhd1 Ke6 19.Ne1 g5 20.Nd3 Bd6 21.Rc2 Rb8
22.Bd2 c4 23.Ne1 Rb3 24.e4 dxe4 25.Rxc4  1/2-1/2

[Event "21st Czech GM Open"]
[Site "Pardubice CZE"]
[Date "2010.07.27"]
[Round "5"]
[White "Graf,F"]
[Black "Golichenko,I"]
[Result "1-0"]
[WhiteElo "2320"]
[BlackElo "2419"]

1.d4 Nf6 2.c4 e6 3.Nf3 b6 4.a3 Ba6 5.Qc2 Bb7 6.b4 c5 7.dxc5 bxc5 8.b5 d5
9.e3 Nbd7 10.Nbd2 a6 11.cxd5 exd5 12.bxa6 Bxa6 13.Bxa6 Rxa6 14.O-O Qa8 15.e4 Nxe4
16.Re1 f5 17.Nh4 Kf7 18.Nxf5 Nxd2 19.Qxd2 Nf6 20.Qf4 Qc6 21.Bb2 d4 22.Bxd4 Ra4
23.Qe5 cxd4 24.Rac1 Rc4 25.Nxd4 Qc8 26.Rxc4 Qxc4 27.Ne6 h6 28.Qb8 Rg8 29.Nd8+ Kg6
30.Qb1+ Kg5 31.Ne6+  1-0

[Event "21st Czech GM Open"]
[Site "Pardubice CZE"]
[Date "2010.07.27"]
[Round "5"]
[White "Studnicka,Toma"]
[Black "Glantz,R"]
[Result "1-0"]
[WhiteElo "2346"]
[BlackElo "2207"]

1.d4 Nf6 2.c4 e6 3.Nf3 b6 4.a3 Bb7 5.Nc3 d5 6.cxd5 Nxd5 7.Qc2 Nxc3 8.bxc3 Be7
9.e4 O-O 10.Bd3 c5 11.O-O Qc8 12.Qe2 Ba6 13.Bf4 Bxd3 14.Qxd3 Rd8 15.Rfd1 Nc6
16.d5 exd5 17.exd5 Na5 18.Ng5 Bxg5 19.Bxg5 Rd6 20.Bf4 Rg6 21.Re1 Qd7 22.Re4 h6
23.Rae1 c4 24.Qd4 Rd8 25.Rd1 Kh7 26.Bg3 b5 27.Qc5 Rg5 28.Re5 Rxe5 29.Bxe5 Nb3
30.Qe3 Qe7 31.d6 Qb7 32.h4 a6 33.h5 f6 34.Bf4 Qc6 35.Qg3 Kh8 36.Qg6 Qd7 37.Re1 Rg8
38.Re7 Qd8 39.Bxh6 Qf8 40.Rf7 Qxf7 41.Qxf7  1-0

[Event "5th Festival"]
[Site "Edmonton CAN"]
[Date "2010.07.28"]
[Round "1"]
[White "Kekelidze,M"]
[Black "Kraai,J"]
[Result "1/2-1/2"]
[WhiteElo "2487"]
[BlackElo "2502"]

1.d4 Nf6 2.c4 e6 3.Nf3 b6 4.a3 Bb7 5.Nc3 d5 6.Bg5 Be7 7.Qa4+ Qd7 8.Qxd7+ Nbxd7
9.Nb5 Kd8 10.e3 Ne4 11.Bxe7+ Kxe7 12.cxd5 exd5 13.Nh4 g6 14.Nxc7 Rac8 15.Nb5 Rc2
16.f3 Nd2 17.Kd1 Rxb2 18.Kc1 Rxb5 19.Bxb5 Nb3+ 20.Kb2 Nxa1 21.Rxa1 Nb8 22.g4 Kd6
23.Rc1 Bc6 24.Bd3 Re8 25.Re1 Bd7 26.Ng2 Nc6 27.h4 f5 28.gxf5 gxf5 29.Kc3 Rc8
30.Kd2 Na5 31.Nf4 Nb3+ 32.Ke2 Nc1+ 33.Kd2 Nxd3 34.Nxd3 Rg8 35.Nf4 Bb5 36.e4 fxe4
37.fxe4 dxe4 38.Rxe4 Rg4 39.Re6+ Kd7 40.Rf6 Rxh4 41.Ke3 Ke7 42.Nd5+ Kd8 43.Nf4 Ke7
44.Nd5+ Kd8 45.Nf4  1/2-1/2

[Event "21st Czech GM Open"]
[Site "Pardubice CZE"]
[Date "2010.07.29"]
[Round "7"]
[White "Tuvshintugs,B"]
[Black "Burger,H"]
[Result "1/2-1/2"]
[WhiteElo "2321"]
[BlackElo "2110"]

1.d4 Nf6 2.Nf3 e6 3.c4 b6 4.a3 Bb7 5.Nc3 d5 6.cxd5 Nxd5 7.Bd2 c5 8.e4 Nxc3
9.Bxc3 Bxe4 10.Bb5+ Bc6 11.Bxc6+ Nxc6 12.Qa4 Qd7 13.dxc5 Ne5 14.Qxd7+ Nxd7
15.cxb6 Nxb6 16.O-O f6 17.Rac1 Bd6 18.Nd4 Kf7 19.Nb5 Bf4 20.Rcd1 Nd5 21.g3 a6
22.Nd4 Be5 23.Ba5 Bxd4 24.Rxd4 Rhc8 25.Rfd1 Rab8  1/2-1/2

[Event "ch-AUT"]
[Site "Vienna AUT"]
[Date "2010.07.31"]
[Round "8"]
[White "Binder,Mi"]
[Black "Fauland,A"]
[Result "0-1"]
[WhiteElo "2270"]
[BlackElo "2406"]

1.d4 Nf6 2.Nf3 e6 3.c4 b6 4.a3 c5 5.d5 Ba6 6.Qc2 exd5 7.cxd5 g6 8.Nc3 Bg7
9.g3 O-O 10.Bg2 d6 11.O-O Nbd7 12.Bf4 Ne8 13.Rfe1 Ne5 14.a4 Nxf3+ 15.Bxf3 g5
16.Bd2 f5 17.Nd1 Be5 18.Bg2 f4 19.Bc3 Qf6 20.Rf1 Ng7 21.Bxe5 Qxe5 22.Be4 Nf5
23.Nc3 Rae8 24.g4 Nd4 25.Bxh7+ Kh8 26.Qg6 Rf6 27.Qh5 Kg7 28.Ne4 Rh6  0-1

[Event "ch-AUT"]
[Site "Vienna AUT"]
[Date "2010.07.31"]
[Round "8"]
[White "Denk,A"]
[Black "Matt,F"]
[Result "1/2-1/2"]
[WhiteElo "2319"]
[BlackElo "2053"]

1.d4 Nf6 2.Nf3 e6 3.c4 b6 4.a3 Bb7 5.Nc3 d5 6.cxd5 Nxd5 7.Qa4+ Qd7 8.Qc2 Nxc3
9.bxc3 Be7 10.e4 O-O 11.Bd3 c5 12.O-O Qc7 13.Qe2 Rd8 14.Bb2 Nc6 15.Rfd1 Na5
16.a4 Rac8 17.Ba6 Bxa6 18.Qxa6 cxd4 19.cxd4 Qc2 20.Rac1 Qxa4 21.Qxa7 Qb4
22.Bc3 Qa3 23.Bd2 Nc4 24.Qxa3 Bxa3 25.Rc2 b5 26.Bf4 Nb2 27.Rxc8 Rxc8 28.Rb1 Nd3
29.Bd2 Nb2 30.Kf1 Rb8 31.Bc1 Nc4 32.Bxa3 Nxa3 33.Rb3 Nc4 34.Ke2 Kf8 35.Nd2 Nxd2
36.Kxd2 Ke7 37.Rc3 Kd6 38.Rc5 f6 39.Kc3 e5 40.Rd5+ Ke6 41.dxe5 f5 42.Rd4 Kxe5
43.exf5 Kxf5 44.Rd7 Kf6 45.Kb4 Re8 46.Rd3 Re5 47.Kc3 Re4 48.Rf3+ Kg6 49.Rf8 Re2
50.Rf3 Re4 51.Kb3 Rd4 52.Rc3 Rd2 53.Rg3+ Kf6 54.Rf3+ Ke6 55.Kb4 Rb2+ 56.Kc3 Ra2
57.Kb3 Rd2 58.Rf8 Ke7 59.Rf4 Ke6 60.Kc3 Ra2 61.Rf8 Ke7 62.Rf4 Ke6 63.Kb3 Rd2
64.Kb4 Rb2+ 65.Kc3 Ra2  1/2-1/2

[Event "Politiken Cup"]
[Site "Copenhagen DEN"]
[Date "2010.08.01"]
[Round "3"]
[White "Christiansen,JeJ"]
[Black "Brynell,S"]
[Result "0-1"]
[WhiteElo "2156"]
[BlackElo "2495"]

1.d4 e6 2.c4 Nf6 3.Nf3 b6 4.a3 c5 5.dxc5 bxc5 6.Bg5 Be7 7.Nc3 Bb7 8.e3 O-O
9.Be2 h6 10.Bh4 Ne4 11.Bxe7 Qxe7 12.Nxe4 Bxe4 13.O-O Nc6 14.Nd2 Bg6 15.Bf3 Rfc8
16.Bxc6 Rxc6 17.e4 Rb8 18.b3 Qf6 19.Qe2 Qc3 20.Rfc1 Qe5 21.Qe3 Rd6 22.b4 cxb4
23.c5 Rxd2 24.Qxd2 b3 25.Rab1 Bxe4 26.f4 Qf6 27.Rb2 Bd5 28.Rc3 Rc8 29.g3 Rc6
30.Qd3 g6 31.Rcxb3 Bxb3 32.Rxb3 Rxc5 33.Rb8+ Kg7 34.Qd6 Qa1+  0-1

[Event "IM"]
[Site "Szombathely HUN"]
[Date "2010.08.01"]
[Round "6"]
[White "Nagy,Ga1"]
[Black "Goczo,M"]
[Result "1-0"]
[WhiteElo "2367"]
[BlackElo "2263"]

1.Nf3 Nf6 2.c4 e6 3.d4 b6 4.a3 Ba6 5.Qc2 Bb7 6.Nc3 c5 7.e4 cxd4 8.Nxd4 Bc5
9.Nb3 Be7 10.e5 Ng4 11.Qe2 Nh6 12.Bxh6 gxh6 13.O-O-O a6 14.f4 Qc7 15.Kb1 Nc6
16.Ne4 Na7 17.Nd6+ Bxd6 18.Rxd6 Nc8 19.Rd1 Ne7 20.Qf2 Be4+ 21.Ka1 Rg8 22.Rg1 Qb7
23.g3 Rc8 24.Nd2 Bc6 25.Bd3 Ng6 26.Rge1 Qc7 27.Be4 Kf8 28.Bxc6 dxc6 29.Ne4 Kg7
30.f5 Nxe5 31.fxe6 Ng4 32.Qf5 Kh8 33.exf7  1-0

[Event "49th WJun"]
[Site "Chotowa POL"]
[Date "2010.08.03"]
[Round "1"]
[White "Volodin,Alek"]
[Black "Roos,Ad"]
[Result "1-0"]
[WhiteElo "2422"]
[BlackElo "2097"]

1.d4 Nf6 2.c4 e6 3.Nf3 b6 4.a3 Ba6 5.e3 c5 6.Bd3 Be7 7.O-O O-O 8.d5 exd5
9.cxd5 Bxd3 10.Qxd3 d6 11.Nc3 Nbd7 12.e4 Ng4 13.Bf4 Nge5 14.Nxe5 Nxe5 15.Bxe5 dxe5
16.Rfc1 g6 17.f4 Bd6 18.f5 f6 19.Rc2 Rf7 20.Rf1 g5 21.Nb5 Bf8 22.Rd1 a6 23.Nc3 Bd6
24.Na4 Rb7 25.b4 cxb4 26.axb4 Bxb4 27.d6 Kg7 28.Qd5 Raa7 29.Rc6 b5 30.Nc5 Bxc5+
31.Qxc5 a5 32.Rc1  1-0

[Event "49th WJun"]
[Site "Chotowa POL"]
[Date "2010.08.04"]
[Round "2"]
[White "Sieciechowicz,M"]
[Black "Botta,Ga"]
[Result "1-0"]
[WhiteElo "2445"]
[BlackElo "2302"]

1.d4 Nf6 2.c4 e6 3.Nf3 b6 4.a3 Bb7 5.Nc3 d5 6.cxd5 Nxd5 7.Bd2 Be7 8.Qc2 Nd7
9.e4 Nxc3 10.Bxc3 O-O 11.Bd3 c5 12.d5 exd5 13.exd5 h6 14.O-O-O Bf6 15.Rhe1 Bxc3
16.Qxc3 c4 17.Bf5 Nc5 18.Qxc4 Qf6 19.Bc2 Rfd8 20.Qe2 Kf8 21.Qe5 Qxe5 22.Rxe5 Rd6
23.Rf5 Rad8 24.Ne5 Bxd5 25.b4 Nb3+ 26.Kb2 Be6 27.Nxf7 Rxd1 28.Nxd8+ Bxf5
29.Bxd1 Nd4 30.a4 Ke7 31.Kc3 Nb5+ 32.axb5 Kxd8 33.Kd4 Kd7 34.Be2 Kd6 35.f4 Bg6
36.g4 Bc2 37.f5 Bb3 38.h4 Bd5 39.g5 hxg5 40.hxg5 Bg2 41.Bc4 Ke7 42.Ke5  1-0